000 00296 a2200157 4500
001 161213
020 _a
040 _cMagnum
100 _a-
240 1 0 _aRobin hood
_lING
245 1 0 _aRobin hood
362 0 _a1899
440 1 _aÁtica
697 _aLITERATURA ESTRANGEIRA
942 _cBK
999 _c161213
_d161213